Easy Simpsons trivia - S - Statistics

General Stats
  • This quiz has been taken 87 times
  • The average score is 8 of 10
Answer Stats
Hint Answer % Correct
Town they live in Springfield
97%
Name of the Show Simpsons
96%
Name of the dog Santa's little helper
90%
The Itchy and _____ Show! Scratchy
88%
Name of cat Snowball
84%
Person who wants to kill Bart Sideshow Bob
79%
Mr. Burns Assistant Smithers
78%
Krusty's assistant Sideshow Mel
58%
Occupation of Otto School bus driver
49%
Nickname Homer gives to Ned Stupid Flanders
36%
No matching quizzes found
Score Distribution
Percent of People with Each Score
Percentile by Number Answered
Your Score History
You have not taken this quiz